000
00296nam a2200145Ia 4500
100
_a
Siegel/Charles
942
_c
BK
654
_a
C
245
_a
Teach yourself C
260
_b
BPB Publication
_a
Delhi
_c
1989
082
_a
001.6424C2
_b
SIE
300
_a
357
546
_a
ENGLISH
999
_c
27645
_d
27645